Cơ học. T.2, Động lực học /
Các khái niệm và hệ tiên đề của động lực học. Phương trình vi phân của chuyển động. Các định lý tổng quát của động lực học. Nguyên lý di chuyển khả dĩ. Nguyên lý Đalămbe. Phương trình vi phân chuyển động của cơ hệ không tự do. Lý thuyết va chạm....
Spremljeno u:
| Glavni autor: | |
|---|---|
| Format: | Knjiga |
| Jezik: | Vietnamese |
| Izdano: |
Hà Nội :
Giáo dục,
1998.
|
| Izdanje: | Tái bản lần thứ 3. |
| Teme: | |
| Oznake: |
Dodaj oznaku
Bez oznaka, Budi prvi tko označuje ovaj zapis!
|
| Thư viện lưu trữ: | Mạng thư viện Đại học Đà Nẵng |
|---|
| LEADER | 01667cam a2200397 a 4500 | ||
|---|---|---|---|
| 001 | 000043579 | ||
| 003 | 1558 | ||
| 005 | 20060421104344.0 | ||
| 008 | 010217b1998 vm 000 vie | ||
| 020 | |c 9000 | ||
| 040 | |a LRC |c LRC |d LRC | ||
| 041 | 0 | |a vie | |
| 082 | 1 | 4 | |a 531.113 |b ĐÔ-S |
| 100 | 1 | |a Đỗ Sanh. | |
| 245 | 1 | 0 | |a Cơ học. |n T.2, |p Động lực học / |c Đỗ Sanh. |
| 250 | |a Tái bản lần thứ 3. | ||
| 260 | |a Hà Nội : |b Giáo dục, |c 1998. | ||
| 300 | |a 167 tr. ; |c 21 cm. | ||
| 500 | |a (Đã được Hội đồng môn học của Bộ Giáo dục và Đào tạo thông qua dùng làm tài liệu giản dạy trong các trường đại học kỹ thuật). | ||
| 520 | 3 | |a Các khái niệm và hệ tiên đề của động lực học. Phương trình vi phân của chuyển động. Các định lý tổng quát của động lực học. Nguyên lý di chuyển khả dĩ. Nguyên lý Đalămbe. Phương trình vi phân chuyển động của cơ hệ không tự do. Lý thuyết va chạm. | |
| 630 | 0 | 4 | |a Cơ học. |
| 630 | 0 | 4 | |a Động lực học. |
| 650 | 0 | 4 | |a Cơ học. |
| 650 | 0 | 4 | |a Động lực học. |
| OWN | |a DUT | ||
| AVA | |a UDN50 |b DUT |c Book |d 531.113 ĐÔ-S |e available |t Error 5001 Not defined in file expand_doc_bib_avail. |f 1 |g 0 |h N |i 0 |j SH |k 1 | ||
| 999 | |a From the UDN01 | ||
| AVA | |a UDN50 |b DUT |c Book |d 531.113 ĐÔ-S |e available |t Error 5001 Not defined in file expand_doc_bib_avail. |f 1 |g 0 |h N |i 0 |j SH |k 1 | ||
| TYP | |a Monograph | ||
| TYP | |a Printed language | ||
| 980 | |a Mạng thư viện Đại học Đà Nẵng | ||